| 000 | nam a22 a 4500 | ||
|---|---|---|---|
| 999 |
_c444371 _d444371 |
||
| 003 | BLK | ||
| 005 | 20221025093712.0 | ||
| 008 | 220209b bu |||||r|||| 00| | bu d | ||
| 040 | _aBLK | ||
| 041 |
_aBUL _cBUL |
||
| 080 |
_aРадиотелеграфия _b621.394:621.396 _z621.394:621.396 |
||
| 139 | _aМетодика за обучение на радиотелеграфистите | ||
| 245 |
_aМетодика за обучение на радиотелеграфистите _bПомагало за офицерите и сержантите от радиоподеленията в БНА |
||
| 260 |
_9215670 _aСофия _bДърж. воен. изд. _c1957 _dДВИ |
||
| 300 |
_a254 с. _c18 см |
||
| 380 | _a62 | ||
| 650 | 0 |
_9466879 _aРадиотелеграфия |
|
| 653 | 0 |
_9470577 _aрадиотелеграфия |
|
| 653 | 7 |
_9194150 _aпомагала |
|
| 852 |
_aЦб I 1729 _bО |
||
| 856 |
_i0.00 _ldisable |
||
| 942 |
_cKNG _n0 _s1 |
||
| 944 |
_aCR _c2022-02-09 _kХристина Везирева |
||
| 999 | _d444371 | ||